书目信息 |
| 题名: |
电工电子实验技术
|
|
| 作者: | 李雪瑶 主编 ;张立群 , 张立群 编著 | |
| 分册: | ||
| 出版信息: | 重庆 重庆大学出版社 2003.02 |
|
| 页数: | 143页 | |
| 开本: | 26cm | |
| 丛书名: | ||
| 单 册: | ||
| 中图分类: | TM-33 | |
| 科图分类: | ||
| 主题词: | 电工技术--dian gong ji shu--实验 , 电子技术--dian zi ji shu--实验 | |
| 电子资源: | ||
| ISBN: | 7-5624-2826-3 | |
| 000 | 00859nam0 2200277 450 | |
| 001 | CAL 012003089767 | |
| 005 | 20050701083723.28 | |
| 010 | @a7-5624-2826-3@dCNY 15.00 | |
| 099 | @aCAL 012003089767 | |
| 100 | @a20030519d2003 em y0chiy0121 ea | |
| 101 | 0 | @achi |
| 102 | @aCN@b510000 | |
| 105 | @aak a 000yy | |
| 200 | 1 | @a电工电子实验技术@Adian gong dian zi shi yan ji shu@f李雪瑶主编@g张立群等编著@Gzhang li qun deng bian zhu |
| 210 | @a重庆@c重庆大学出版社@d2003.02 | |
| 215 | @a143页@c图@d26cm | |
| 320 | @a有书目 (第143页) | |
| 606 | 0 | @a电工技术@Adian gong ji shu@x实验 |
| 606 | 0 | @a电子技术@Adian zi ji shu@x实验 |
| 690 | @aTM-33@v4 | |
| 701 | 0 | @a李雪瑶@Ali xue yao@4主编 |
| 702 | 0 | @a张立群@Azhang li qun@4编著 |
| 702 | 0 | @a张立群@Azhang li qun@4编著 |
| 801 | 0 | @aCN@bXJT@c20050701 |
| 905 | @a10447@dTM-33@eL3001 | |
| 998 | @aXJT | |
| 电工电子实验技术/李雪瑶主编/张立群等编著.-重庆:重庆大学出版社,2003.02 |
| 143页:图;26cm |
| ISBN 7-5624-2826-3:CNY 15.00 |
| ● |
| 相关链接 |
|
|
|
正题名:电工电子实验技术
索取号:TM-33/L3001
 
预约/预借
| 序号 | 登录号 | 条形码 | 馆藏地/架位号 | 状态 | 备注 |
| 1 | 538584 | 205385849 | 自科二线404/404自科库 10排6列4层/ [索取号:TM-33/L3001] | 在馆 | |
| 2 | 538585 | 205385858 | 自科库301/301自科库 2排2列5层/ [索取号:TM-33/L3001] | 在馆 | |
| 3 | 538586 | 205385867 | 自科库301/301自科库 2排2列5层/ [索取号:TM-33/L3001] | 在馆 |